000 01488nam a2200337 a 4500
001 000040585
003 OSt
005 20260321073643.0
008 130902s2004 sp 000 j spa d
020 _a8478842128
040 _aDO-SdBNP
_bspa
_cBNPHU
082 4 _aRD863.4408
_bC965d
_222
245 0 0 _aCuentos dominicanos /
_cJuan Bosch ... [et al.]
260 _aMadrid :
_bEditorial Popular,
_c[2004].
300 _a108 p. ;
_c20 cm.
490 1 _aLetra grande
_v55
505 0 _aLa mujer/
_rJuan Bosch --
_tEl cumpleaños de Vitalina /
_rHilma Contreras --
_tSelva de agujeros negros para Chichí la salsa /
_rArmando Almánzar Rodríguez --
_tAhora que vuelvo, Ton /
_rRené del Risco Bermúdez --
_tIntuición femenina /
_rPedro Vergés /
_tLos hitos /
_rPedro Peix --
_tMasticar una rosa /
_rAngela Hernández
590 _aInventariado, 2019/VM
650 1 4 _aCuentos dominicanos
_xColecciones
_9503
650 1 0 _aLiteratura dominicana.
_967
700 1 _a Bosch, Juan,
_d1909-2001
_976555
700 1 _aContreras, Hilma,
_d1913-2006
_914873
700 1 _aAlmánzar Rodríguez, Armando
_tSelva de agujeros negros para Chichí la salsa
_927162
700 1 _aRisco Bermúdez, René del
_tAhora que vuelvo, Ton
_927163
700 1 _aPeix, Pedro
_tLos hitos
_927164
700 1 _aVergés, Pedro
_tIntuición femenina
_927165
700 1 _aHernández, Angela
_tMasticar una rosa
_927166
830 0 _aLetras Grande
_v55
_966917
910 _aValidado.Control de calidad MFF
942 _2ddc
_cLBS1
999 _c40075
_d40075